CULTIVATION OF MEDICINAL PLANTS (Record no. 12127)

MARC details
000 -LEADER
fixed length control field 00382nam a22001577a 4500
003 - CONTROL NUMBER IDENTIFIER
control field OSt
008 - FIXED-LENGTH DATA ELEMENTS--GENERAL INFORMATION
fixed length control field 231127b |||||||| |||| 00| 0 eng d
020 ## - INTERNATIONAL STANDARD BOOK NUMBER
International Standard Book Number 9789391012687
100 ## - MAIN ENTRY--PERSONAL NAME
Personal name MANDA,SUBRATA
245 ## - TITLE STATEMENT
Title CULTIVATION OF MEDICINAL PLANTS
260 ## - PUBLICATION, DISTRIBUTION, ETC. (IMPRINT)
Place of publication, distribution, etc NEW DELHI
Name of publisher, distributor, etc NEW DELHI
Date of publication, distribution, etc 2022
300 ## - PHYSICAL DESCRIPTION
Extent 231
700 ## - ADDED ENTRY--PERSONAL NAME
Personal name MANDAL,SUDIPA NAG
700 ## - ADDED ENTRY--PERSONAL NAME
Personal name DAS,ALOKESH
942 ## - ADDED ENTRY ELEMENTS (KOHA)
Source of classification or shelving scheme Dewey Decimal Classification
Koha item type Reference Books
Holdings
Withdrawn status Lost status Source of classification or shelving scheme Damaged status Not for loan Collection code Home library Current library Date acquired Source of acquisition Currency Cost, normal purchase price Bill Number Total Checkouts Full call number Acc. no. / Barcode Date last seen Date last borrowed Actual Cost, discounted price Bill Date Koha item type
    Dewey Decimal Classification     B.Pharma PIET C-LIBRARY PIET C-LIBRARY 25/11/2023 KIRTI PRAKASHAN RUPEE 650.00 IN-1263 2 615.32 MAC BP2350 28/10/2025 10/04/2025 520.00 23/11/2023 Reference Books

Design & Developed by: PIET Central Library
R70 Miles Stone Pattikalyana Samalkha Panipat 132102
mail ID :- [email protected], Phone No:- 0180-2569700 Ex.216